The Epistles of Paul to the Colossians and Philemon: (Record no. 7838)

MARC details
000 -LEADER
fixed length control field 00801cam a22002651 4500
001 - CONTROL NUMBER
control field 2639043
003 - CONTROL NUMBER IDENTIFIER
control field GBCCL
005 - DATE AND TIME OF LATEST TRANSACTION
control field 20241126110637.0
008 - FIXED-LENGTH DATA ELEMENTS--GENERAL INFORMATION
fixed length control field 800124s1960 miu 000 0 eng
010 ## -
-- 60011127
020 ## - INTERNATIONAL STANDARD BOOK NUMBER
International Standard Book Number 0802822622
040 ## - CATALOGING SOURCE
Original cataloging agency DLC
Transcribing agency DLC
Modifying agency DLC
050 00 -
-- BS2715.3
-- .C3
082 00 - DEWEY DECIMAL CLASSIFICATION NUMBER
Classification number 225.7
Item number TYN
100 1# - MAIN ENTRY--PERSONAL NAME
Personal name Carson, Herbert M.
9 (RLIN) 13695
245 04 - TITLE STATEMENT
Title The Epistles of Paul to the Colossians and Philemon:
Remainder of title an introduction and commentary.
250 ## - EDITION STATEMENT
Edition statement [1st ed.]
260 ## - PUBLICATION, DISTRIBUTION, ETC.
Place of publication, distribution, etc. London,
Name of publisher, distributor, etc. IVP
Date of publication, distribution, etc. [1960]
300 ## - PHYSICAL DESCRIPTION
Extent 112 p.
Dimensions 20 cm.
490 0# - SERIES STATEMENT
Series statement The Tyndale New Testament commentaries
630 00 - SUBJECT ADDED ENTRY--UNIFORM TITLE
Uniform title Bible.
Name of part/section of a work Colossians
General subdivision Commentaries.
9 (RLIN) 859
630 00 - SUBJECT ADDED ENTRY--UNIFORM TITLE
Uniform title Bible.
Name of part/section of a work Philemon
General subdivision Commentaries.
9 (RLIN) 860
906 ## - LOCAL DATA ELEMENT F, LDF (RLIN)
a 7
b cbc
c orignew
d u
e ocip
f 19
g y-gencatlg
942 ## - ADDED ENTRY ELEMENTS (KOHA)
Source of classification or shelving scheme Dewey Decimal Classification
Koha item type Books
Koha issues (borrowed), all copies 3
Holdings
Withdrawn status Lost status Source of classification or shelving scheme Damaged status Not for loan Home library Current Library Shelving location Date acquired Total checkouts Full call number Barcode Date last seen Date last checked out Copy number Price effective from Koha item type
    Dewey Decimal Classification     GRACE BIBLE COLLEGE GRACE BIBLE COLLEGE Biblical Studies 2018-10-10 3 225.7 TYN 004145 2025-05-01 2019-10-04 v.12 2018-10-10 Books
© Grace Bible College Library 2025